Sole agency v multi-agency (Record no. 81885)
[ view plain ]
| 000 -LEADER | |
|---|---|
| fixed length control field | 01279cab a22002415a 4500 |
| 001 - CONTROL NUMBER | |
| control field | L148562 |
| 008 - FIXED-LENGTH DATA ELEMENTS--GENERAL INFORMATION | |
| fixed length control field | 091002s2009 xxkbd f 000 0 eng d |
| 035 ## - SYSTEM CONTROL NUMBER | |
| System control number | (Sirsi) u148562 |
| 041 0# - LANGUAGE CODE | |
| Language code of text/sound track or separate title | eng |
| 100 1# - MAIN ENTRY--PERSONAL NAME | |
| Personal name | Ke, Qiulin |
| 245 00 - TITLE STATEMENT | |
| Title | Sole agency v multi-agency |
| Remainder of title | an investigation of agency practice across England and Wales |
| 260 ## - PUBLICATION, DISTRIBUTION, ETC. | |
| Date of publication, distribution, etc. | 2009 |
| 490 #0 - SERIES STATEMENT | |
| Series statement | Journal of Property Investment and Finance |
| Volume/sequential designation | 27(4) 2009, 228-241(14) |
| 520 ## - SUMMARY, ETC. | |
| Summary, etc. | How does different agency practice impact on agency fees, business efficiency and housing market liquidity in England and Wales? Survey data from 2000 to 2006 confirms that agency practice has a locality basis with some regions more likely to adopt sole agency practice than others: sole agency estate agents charge lower fees, help clients to achieve better selling prices and are more efficient. Multi-agency practice facilitates liquidity in the housing market but experiences a higher fall-through rate. Map. Tables. References. |
| 590 ## - LOCAL NOTE (RLIN) | |
| Local note | KA |
| 650 24 - SUBJECT ADDED ENTRY--TOPICAL TERM | |
| Topical term or geographic name entry element | ESTATE AGENTS ACT 1979 |
| 650 24 - SUBJECT ADDED ENTRY--TOPICAL TERM | |
| Topical term or geographic name entry element | CONSUMERS, ESTATE AGENTS AND REDRESS ACT 2007 |
| 651 #4 - SUBJECT ADDED ENTRY--GEOGRAPHIC NAME | |
| Geographic name | England and Wales |
| Chronological subdivision | 1543- |
| 690 ## - LOCAL SUBJECT ADDED ENTRY--TOPICAL TERM (OCLC, RLIN) | |
| Topical term or geographic name as entry element | PROPERTY-RESIDENTIAL PROPERTY-RESIDENTIAL PROPERTY AGENCY |
| 700 1# - ADDED ENTRY--PERSONAL NAME | |
| Personal name | Jayne, Michael |
| 700 1# - ADDED ENTRY--PERSONAL NAME | |
| Personal name | Isaac, David |
| 942 ## - ADDED ENTRY ELEMENTS (KOHA) | |
| Suppress in OPAC | 0 |
| Withdrawn status | Lost status | Source of classification or shelving scheme | Damaged status | Not for loan | Home library | Current library | Shelving location | Date acquired | Total Checkouts | Full call number | Barcode | Date last seen | Copy number | Price effective from | Koha item type |
|---|---|---|---|---|---|---|---|---|---|---|---|---|---|---|---|
| Dewey Decimal Classification | London | London | Journal article | 02/10/2009 | L148562 | 148562-1001 | 06/08/2019 | 1 | 06/08/2019 | Journal article |